Catalog

Record Details

Catalog Search



Available copies

  • 0 of 2 copies available at LARL/NWRL Consortium.
  • 0 of 2 copies available at Lake Agassiz Regional Library. (Show preferred library)

Current holds

4 current holds with 2 total copies.

Show Only Available Copies
Location Call Number / Copy Notes Barcode Shelving Location Status Due Date
Barnesville Public Library SF ARD (Text) 33500014393318 New On holds shelf -
Moorhead Public Library SF ARD (Text) 33500014393326 New Checked out 07/11/2026

Record details

  • ISBN: 9780593128282
  • ISBN: 0593128281
  • Physical Description: 354 pages ; 25 cm.
  • Edition: First edition.
  • Publisher: New York : Del Rey, [2026]

Content descriptions

Summary, etc.:
"Anne of Brittany was a child when France invaded ... Read More
Subject: Nobility > Fiction.
Magic > Fiction.
Brittany (France) > History > 1341-1532 > Fiction.
Arranged marriage > Fiction.
Unicorns > Fiction.
Genre: Fantasy fiction.
Historical fiction.
Fiction.
Novels.
LDR 03602cam a22005418i 4500
001482740
003LARL_NWRL_CONSORTIUM
00520260608173906.0
008260421t20262026nyu e 000 1 eng
007ta
010 . ‡a 2026016366
040 . ‡aDLC ‡beng ‡erda ‡cDLC ‡dTP7 ‡dTOH ‡dOCLCO ‡dJAS ‡dLE@ ‡dOCLCO ‡dRNL
020 . ‡a9780593128282 ‡qhardcover
020 . ‡a0593128281 ‡qhardcover
020 . ‡z9780593128299 ‡qebook
035 . ‡a(OCoLC)1582422910
042 . ‡apcc
08204. ‡a813.6 ‡223
1001 . ‡aArden, Katherine, ‡eauthor. ‡4aut ‡4http://id.loc.gov/vocabulary/relators/aut ‡1https://id.oclc.org/worldcat/entity/E39PBJvxtjgd6bGmpBcYVDW4bd ‡1http://id.loc.gov/rwo/agents/n2016025635 ‡0(LARL_NWRL_CONSORTIUM)221419
24514. ‡aThe unicorn hunters / ‡cKatherine Arden.
250 . ‡aFirst edition.
264 1. ‡aNew York : ‡bDel Rey, ‡c[2026]
264 4. ‡c©2026.
300 . ‡a354 pages ; ‡c25 cm.
334 . ‡asingle unit ‡bmono ‡0http://id.loc.gov/vocabulary/issuance/mono
336 . ‡atext ‡btxt ‡2rdacontent ‡0http://id.loc.gov/vocabulary/contentTypes/txt
337 . ‡aunmediated ‡bn ‡2rdamedia ‡0http://id.loc.gov/vocabulary/mediaTypes/n
338 . ‡avolume ‡bnc ‡2rdacarrier ‡0http://id.loc.gov/vocabulary/carriers/nc
520 . ‡a"Anne of Brittany was a child when France invaded and drove her royal father to his death. Now she is a young woman, sovereign duchess of an occupied realm, and France means to crown their conquest by marrying her to their king. Such an alliance would put her title, her lands, and her body forever in the hands of her enemies. But Anne refuses to be the last duchess of Brittany. Her only hope of resisting conquest is another alliance sealed with marriage, so Anne arranges a daring last gambit: a secret betrothal to Charles of France's greatest rival. But secrets are hard to keep in a world where rival courts spy on each other with diviners. The forest of Brocéliande was once the haunt of Merlin the Enchanter and the long-lost faerie queen. But magic is long gone from Broceliande, except for the occasional sight of a unicorn and one critical quirk: This ancient forest is completely inimical to divination. While pretending compliance with France, Anne plans a unicorn hunt in Brocéliande. A bit of pointless pageantry. A diversion so she can wed in secret. Or so she thinks. In this rich and epic novel, the author of the acclaimed Winternight trilogy turns the real history of a remarkable woman into an unforgettable tale of mystery, enchantment, and the price of power"-- Provided by publisher.
650 0. ‡aNobility ‡vFiction. ‡0(LARL_NWRL_CONSORTIUM)166350
650 0. ‡aMagic ‡vFiction. ‡0(LARL_NWRL_CONSORTIUM)165984
651 0. ‡aBrittany (France) ‡xHistory ‡y1341-1532 ‡vFiction.
650 0. ‡aArranged marriage ‡vFiction. ‡0(LARL_NWRL_CONSORTIUM)163419
650 0. ‡aUnicorns ‡vFiction.
655 7. ‡aFantasy fiction. ‡2lcgft
655 7. ‡aHistorical fiction. ‡2lcgft
655 7. ‡aFiction. ‡2lcgft
655 7. ‡aNovels. ‡2lcgft
758 . ‡1http://id.loc.gov/resources/instances/in00024554678
758 . ‡4http://id.loc.gov/ontologies/bibframe/instanceOf ‡1http://id.loc.gov/resources/works/in00024554678
77608. ‡iOnline version ‡4http://id.loc.gov/entities/relationships/onlineversion ‡aArden, Katherine ‡tUnicorn hunters ‡dNew York : Del Rey, 2026 ‡z9780593128299 ‡w(DLC) 2026016367
884 . ‡aDLC bibframe2marc v3.1.0 ‡g20260421 ‡qDLC ‡uhttps://github.com/lcnetdev/bibframe2marc/releases/tag/v3.1.0
901 . ‡a482740 ‡bOCoLC ‡c482740 ‡tbiblio ‡soclc

Additional Resources